| 000 | 00455nam a22001697a 4500 | ||
|---|---|---|---|
| 005 | 20251108171150.0 | ||
| 008 | 250721s9999 xx 000 0 ara d | ||
| 082 | 1 | 4 | _aط/599/وفا |
| 100 | 1 | _aاشرف، وفاء | |
| 245 | 1 | 0 | _aالأسد / |
| 264 | 1 |
_aالقاهرة : _bالدار المصرية اللبنانية، |
|
| 300 | _a16ص | ||
| 490 | 0 | _aاريد ان اعرف ، 1 | |
| 650 | 1 | 7 | _aالأسود |
| 942 |
_2ddc _cBK |
||
| 999 |
_c58269 _d58269 |
||